Score 0/22 Timer 02:00
1 Play Today
Title Missing word % Correct
The ________ BunchBrady
98%
Three's ________Company
95.8%
The Partridge ________Family
93.2%
The Mary ________ Moore ShowTyler
93.2%
________ DaysHappy
90.8%
Sanford and ________Son
90.3%
The ________ CoupleOdd
89.8%
________ in the FamilyAll
89.6%
________ StrokesDiff'rent
88.9%
________ and MindyMork
88.8%
Fantasy ________Island
86.4%
Title Missing word % Correct
________ & ShirleyLaverne
86.2%
The ________ Newhart ShowBob
84.1%
The Love ________Boat
82.7%
________ Back, KotterWelcome
81.4%
One ________ at a TimeDay
75.5%
WKRP in ________Cincinnati
66.3%
________ TimesGood
65.7%
What's ________!Happening
61.5%
Chico and the ________Man
58.9%
The Courtship of Eddie's ________Father
53.8%
Barney ________Miller
52.6%

Today's Daily Dose

Remove Ads.
Support Sporcle.
Get the best of Sporcle when you Go Orange. This ad-free experience offers more features, more stats, and more fun while also helping to support Sporcle. Thank you for becoming a member.

You're not logged in!

Compare scores with friends on all Sporcle quizzes.
OR
Log In

Show Comments

Extras

Top Quizzes Today


Score Distribution

Your Account Isn't Verified!

In order to create a playlist on Sporcle, you need to verify the email address you used during registration. Go to your Sporcle Settings to finish the process.

Report this User

Report this user for behavior that violates our Community Guidelines.

Details: